Hopigurumi, azaz a horgolás lehet több mint egy hobbi?

Bibliográfiai részletek
Szerző: Gajdács Bettina Diána
További közreműködők: Kása Dr. habil. Richárd
Németh Dr. Szilárd
Dokumentumtípus: TDK dolgozat
Kulcsszavak:Amigurumi
Horgolás
kézműves termékek
Kézművesség
vállalkozás
Online Access:http://dolgozattar.uni-bge.hu/60463

MARC

LEADER 00000nta a2200000 i 4500
001 dolg60463
005 20260416073738.0
008 260416suuuu hu o 000 hun d
040 |a BGE Dolgozattár Repozitórium  |b hun 
041 |a hu 
100 1 |a Gajdács Bettina Diána 
245 1 0 |a Hopigurumi, azaz a horgolás lehet több mint egy hobbi?  |c Gajdács Bettina Diána  |h [elektronikus dokumentum] 
516 |a Students_Scientific_Association_paper 
520 3 |a A TDK dolgozatom egy fiktív horgolással foglalkozó cég üzleti koncepcióját mutatja be. Arra a kérdésre kerestem a választ, hogy egy horgolt termékeket árusító vállalkozást milyen körülmények között lehet beindítani és sikeresen működtetni. Megfigyelhető, hogy egyre jobban nő az igény a kézműves termékek iránt, hiszen a fogyasztók egyre inkább tisztelik és értékelik az etikus, tisztességes és környezetbarát termékeket. Ez a trend adja az alapját a dolgozatnak és az alkalmazottkutatási kérdésként meghatározhatókutatási kérdésnek: „Milyen egy sikeres kézműves, horgolt gyermekjátékokkal foglalkozó vállalkozás üzleti modellje?” A kutatási probléma, hogy megéri-e egy horgolással foglalkozó vállalkozás elindítására pénzt, energiát és időt áldozni. A kutatásom során szekunder és primer adatgyűjtést is alkalmaztam. A primer kutatás egy online kvantitatív kérdőíves kutatás, melyben azt vizsgáltam, hogy a kitöltők hogyan viszonyulnak a kézműves termékek vásárlásához. Az általam összegyűjtött statisztikai adatokat az SPSS szoftver segítségével elemeztem, emiatt is tartottam fontosnak a zárt és statisztikai szempontól könnyebben elemezhető kérdések alkalmazását a kérdőívben. A kérdőíves kutatásom fókuszában főleg a gyermekjátékok álltak, ezáltal ebben a termékcsoportban nagyon jól tudom pozícionálni a saját vállalkozásom termékeit. A kutatásomban vegyes módszertant alkalmaztam, kvalitatív és kvantitatív adatokat is gyűjtöttem. A dolgozatomban bemutattam a vállalkozáshoz kapcsolódó termékeket, árakat és költségeket, ehhez egy weboldalt is készítettem. A kézműves termékek esetében az ár kiemelten fontos döntési tényező, elmondható, hogy a minőségnél is fontosabb sok esetben. Faktorokat készítettem a gyermekjátékok vásárlási tényezői és funkcióira vonatkozóan, majd ezeket a demográfiai változókkal összevetettem. A kutatásomban résztvevőknek mutattam egy képet egy kész termékről és el kellett dönteniük, hogy mennyit lennének hajlandóak fizetni érte. A válaszokból az látszott, hogy az alapanyagköltségen túl a ráfordított munkaidőt is figyelembe veszik. Erre a kérdésre beérkező válaszokat három egyenlő részre bontottam, a középső csoport tagjai a kiskereskedelmi alapanyagár közel hétszeresét is hajlandóak lennének érte fizetni. Ez arra utal, hogy bár az ár az egyik legmeghatározóbb tényező, a fogyasztók értékelik a kézműves munka hozzáadott értékét, és a fenntarthatósági szempontok erősíthetik a vásárlási hajlandóságot. 
695 |a Amigurumi 
695 |a Horgolás 
695 |a kézműves termékek 
695 |a Kézművesség 
695 |a vállalkozás 
700 1 |a Kása Dr. habil. Richárd  |e ths 
700 1 |a Németh Dr. Szilárd  |e ths 
856 4 0 |u http://dolgozattar.uni-bge.hu/60463/1/Gajd%C3%A1cs_Bettina_Di%C3%A1na_PSZK.pdf  |z Dokumentum-elérés 
856 4 0 |u http://dolgozattar.uni-bge.hu/60463/2/Gajd%C3%A1cs_Bettina_Di%C3%A1na_PSZK_Rezume.docx  |z Dokumentum-elérés 
856 4 0 |u http://dolgozattar.uni-bge.hu/60463/3/Gajd%C3%A1csBettinaDi%C3%A1na.pdf  |z Dokumentum-elérés 
856 4 0 |u http://dolgozattar.uni-bge.hu/60463/4/Gajd%C3%A1cs_Bettina_Di%C3%A1na_HSZ.pdf  |z Dokumentum-elérés